Statistics for Quick Fire Capitals Quiz

Click here to take the quiz!

General Stats

  • This quiz has been taken 18 times
  • The average score is 9 of 10

Answer Stats

CapitalAnswer% Correct
CanberraAustralia
100%
BogotaColombia
100%
OsloNorway
100%
LisbonPortugal
100%
KievUkraine
100%
BudapestHungary
94%
VallettaMalta
88%
TegucigalpaHonduras
76%
FreetownSierra Leone
71%
MonroviaLiberia
65%

Score Distribution

Percentile by Number Answered

Percent of People with Each Score

Your Score History

You have not taken this quiz